[Event "Teguise Hotel op"]
[White "Zuo, Junyu"]
[Black "Bombek, Peter"]
[Site "Lanzarote"]
[Round "5"]
[Result "1-0"]
[Date "2024.08.18"]
[WhiteElo "1818"]
[BlackElo "2069"]
[PlyCount "99"]
[EventDate "2024.08.15"]
[EventType "swiss"]
[EventRounds "9"]
[EventCountry "ESP"]
[SourceTitle "CBM 221 Extra"]
[Source "ChessBase"]
[SourceDate "2024.09.30"]
[SourceVersion "1"]
[SourceVersionDate "2024.09.30"]
[SourceQuality "1"]

1. e4 c6 2. d4 d5 3. exd5 cxd5 4. Bd3 Nc6 5. c3 Nf6 6. Bf4 Bg4 7. Qb3 Qd7 8. Nd2 e6 9. Ngf3 Bd6 10. Bxd6 Qxd6 11. 0-0 0-0 12. Rfe1 Bxf3 13. Nxf3 Qc7 14. Qc2 Rfc8 15. Qe2 a6 16. a4 h6 17. g3 Rab8 18. Kg2 Re8 19. Bc2 Rec8 20. Rac1 Re8 21. h4 Re7 22. Qd3 e5 23. dxe5 Nxe5 24. Nxe5 Rxe5 25. Rxe5 Qxe5 26. Qd4 Re8 27. Bd3 g6 28. Qb6 Re7 29. Rc2 Kg7 30. Qb4 Qc7 31. Rd2 a5 32. Qd4 b6 33. Bc2 Qc5 34. Qf4 Qc7 35. Qf3 Qc4 36. Qd1 Re5 37. Bd3 Qc5 38. Be2 Ne4 39. Rd4 h5 40. Qd3 Nf6 41. Bf3 Qc6 42. b3 Qe6 43. b4 Qc6 44. b5 Qc5 45. c4 dxc4 46. Rxc4 Qe7 47. Rc6 Re6 48. Qd4 Rxc6 49. bxc6 Qc7 50. Qc3 1-0